01827nam a2200373 a 450000100060000000300080000600500170001400800410003102000480007202000450012002000640016502000610022902000330029002000300032302000330035302000300038602000350041602000320045103500190048304000170050208200280051924501360054724601200068326000520080330001270085565000730098265000600105565000620111565000450117783000480122294200130127099900170128395201530130037841BD-RjUL20211209052649.0040202s2006 enka 000 0 eng d a9780521677011 (Student's book with answers) a0521677017 (Student's book with answers) a9780521677028 (Student's book with answers and 2 audio CDs) a0521677025 (Student's book with answers and 2 audio CDs) a9780521677035 (Cassette set) a0521677033 (Cassette set) a9780521677042 (Audio CD set) a0521677041 (Audio CD set) a9780521677028 (Selfstudy pack) a0521677025 (Selfstudy pack) a(BD-RjUL)37946 bengcBD-RjUL 222a428.24076bCAM 200600aCambridge IELTS.n5 :bexamination papers from University of Cambridge ESOL examinations : English for speakers of other languages.30aIELTS.bexamination papers from University of Cambridge ESOL examinations : English for speakers of other languages aCambridge :bCambridge University Press,c2006. av. :bill. ;c25 cm. +e4 sound discs (digital stereo. ; 4 3/4 in.) + 2 sound cassettes (analog. stereo., Dolby processed) 0aInternational English Language Testing SystemvStudy guides.9117216 0aEnglish languagevExaminations, questions, etc.9117046 0aEnglish languagevTextbooks for foreign speakers.9117011 2aLanguagevExamination Questions.9117220 0aCambridge books for Cambridge exams9117223 2ddccAVM c37841d37841 00102ddc40718NFICaRUCLbRUCLcAVMd2002-01-20eKarim Internationalg250.00l0oAV 428.24076 CAM 2006r2015-07-30 00:00:00tC.1w2021-12-09yAVM